000 00827nam a2200241Ia 4500
003 OSt
005 20220923230646.0
006 a|||||r|||| 00| 0
007 ta
008 220922b |||||||| |||| 00| 0 ben d
024 _a302,061
037 _cTextual
040 _aARTS
_cARTS
_bben
041 _2ben
_aben
082 _aO157,1N09x, 152L2
100 _aदे, विष्णु
245 0 _aस्मृति सत्ता भविष्यत् तथा अन्य श्रेष्ठ कविताएॅं
246 _aSmṛuti sattā bhaviṣhyat tathā anya shreṣhṭha kavitāeॅan
260 _c1972
650 _aबंगाली साहित्य
_9156264
942 _hO157,1N09x, 152L2
_cTEXL
_2CC
999 _c386336
_d386336